[Event "Forni di Sopra op 14th"]
[Site "Forni di Sopra"]
[Date "2023.06.12"]
[Round "4"]
[White "Lombardo, Filippo"]
[Black "Ridolfo, Enrico"]
[Result "0-1"]
[WhiteElo "1885"]
[BlackElo "2085"]
[PlyCount "128"]
[EventDate "2023.06.10"]
[EventType "swiss"]
[EventRounds "9"]
[EventCountry "ITA"]
[SourceTitle "CBM 214 Extra"]
[Source "ChessBase"]
[SourceDate "2023.07.31"]
[SourceVersion "1"]
[SourceVersionDate "2023.07.31"]
[SourceQuality "1"]

1. d4 g6 2. e4 Bg7 3. Nc3 c6 4. Be3 d5 5. Nf3 dxe4 6. Nxe4 Nf6 7. Nxf6+ exf6 8. Qd2 0-0 9. 0-0-0 Bg4 10. Be2 Na6 11. Bh6 Bxh6 12. Qxh6 Qa5 13. Kb1 Rfe8 14. Qd2 Qb6 15. h3 Bf5 16. Bd3 Be6 17. a3 Bd5 18. Qf4 Kg7 19. Rhg1 Rad8 20. Nh4 Be6 21. c3 Nc7 22. g4 c5 23. Nf5+ Bxf5 24. gxf5 Nd5 25. Qd2 cxd4 26. cxd4 Qxd4 27. fxg6 hxg6 28. Rg4 Qe5 29. f4 Qe3 30. f5 Qxd2 31. Rxd2 Re1+ 32. Ka2 Ne7 33. fxg6 fxg6 34. Re2 Rxe2 35. Bxe2 f5 36. Ra4 a6 37. Bf3 Rd7 38. Rb4 b5 39. a4 Rd3 40. Rb3 Rd4 41. axb5 Ra4+ 42. Ra3 axb5 43. Rxa4 bxa4 44. Ka3 Kf6 45. Kxa4 Ke5 46. b4 Nc8 47. Kb5 g5 48. Kc6 Nd6 49. Be2 f4 50. Bg4 Nf5 51. Bxf5 Kxf5 52. b5 f3 53. b6 f2 54. b7 f1Q 55. b8Q Qc4+ 56. Kd7 Qe6+ 57. Kd8 Qg8+ 58. Kc7 Qxb8+ 59. Kxb8 Kf4 60. Kc7 Kg3 61. Kd6 Kxh3 62. Ke5 g4 63. Kf4 g3 64. Kf3 Kh2 0-1

[Event "Forni di Sopra op 14th"]
[Site "Forni di Sopra"]
[Date "2023.06.11"]
[Round "2"]
[White "Sala, Giulia"]
[Black "Lombardo, Filippo"]
[Result "1-0"]
[WhiteElo "2013"]
[BlackElo "1885"]
[PlyCount "103"]
[EventDate "2023.06.10"]
[EventType "swiss"]
[EventRounds "9"]
[EventCountry "ITA"]
[SourceTitle "CBM 214 Extra"]
[Source "ChessBase"]
[SourceDate "2023.07.31"]
[SourceVersion "1"]
[SourceVersionDate "2023.07.31"]
[SourceQuality "1"]

1. e4 c6 2. d4 d5 3. exd5 cxd5 4. Bd3 Nc6 5. c3 Nf6 6. Bf4 Bg4 7. Qb3 Qd7 8. Nd2 e6 9. Ngf3 Bxf3 10. Nxf3 Bd6 11. Bxd6 Qxd6 12. 0-0 0-0 13. Rae1 Qc7 14. Ne5 Nxe5 15. dxe5 Ng4 16. Qd1 f5 17. Qe2 a6 18. h3 Nh6 19. f4 b5 20. Kh1 Qc6 21. Qf3 Kh8 22. Re2 Rg8 23. Rg1 Raf8 24. g4 g6 25. g5 Nf7 26. h4 h5 27. gxh6 Nxh6 28. Reg2 Qe8 29. Rg5 Ng4 30. R1xg4 fxg4 31. Qxg4 Rg7 32. Bxg6 Qe7 33. Qh5+ Kg8 34. Bh7+ Kh8 35. Bf5+ Rh7 36. Bxh7 Qxh7 37. Kg2 Qxh5 38. Rxh5+ Kg7 39. Rg5+ Kh7 40. Kf3 a5 41. f5 exf5 42. Kf4 b4 43. Rxf5 Rc8 44. e6 bxc3 45. bxc3 Rc4+ 46. Ke5 Rxh4 47. Kxd5 Kg7 48. Kd6 Rh8 49. e7 Rb8 50. c4 a4 51. c5 a3 52. c6 1-0

[Event "Forni di Sopra op 14th"]
[Site "Forni di Sopra"]
[Date "2023.06.10"]
[Round "1"]
[White "Lombardo, Filippo"]
[Black "Cocchi, Andrea"]
[Result "0-1"]
[WhiteElo "1885"]
[BlackElo "2167"]
[PlyCount "98"]
[EventDate "2023.06.10"]
[EventType "swiss"]
[EventRounds "9"]
[EventCountry "ITA"]
[SourceTitle "CBM 214 Extra"]
[Source "ChessBase"]
[SourceDate "2023.07.31"]
[SourceVersion "1"]
[SourceVersionDate "2023.07.31"]
[SourceQuality "1"]

1. d4 Nf6 2. c4 e6 3. Nc3 Bb4 4. Qc2 0-0 5. Bg5 h6 6. Bxf6 Qxf6 7. a3 Bxc3+ 8. Qxc3 c5 9. e3 d5 10. Nf3 cxd4 11. Qxd4 Qe7 12. cxd5 Rd8 13. Qc3 exd5 14. Bb5 Bg4 15. Nd4 a6 16. Be2 Bxe2 17. Nxe2 Nc6 18. 0-0 Rac8 19. Nd4 Qe4 20. Rfd1 Ne5 21. Qd2 Nc4 22. Qe2 Rd6 23. Rac1 Re8 24. Nf3 Rb6 25. Rc2 Ree6 26. Rd4 Qf5 27. Rd1 Rf6 28. Nd4 Qe4 29. a4 Rg6 30. g3 Rbd6 31. Qd3 Ne5 32. Qe2 Rdf6 33. Rc7 Ng4 34. Rf1 Rb6 35. b3 Qe5 36. Rc8+ Kh7 37. Rc5 Rbf6 38. Nf3 Qh5 39. h4 Ne5 40. Nd4 Nf3+ 41. Nxf3 Rxf3 42. Qd3 Qg4 43. Rfc1 Qh3 44. h5 Qxh5 45. Kg2 Rf5 46. Qd1 Qh4 47. Qc2 Qg4 48. Rd1 Qf3+ 49. Kg1 Rh5 0-1

[Event "Arco Christmas op 11th"]
[Site "Arco"]
[Date "2021.12.27"]
[Round "2"]
[White "Gabbani, Sara"]
[Black "Lombardo, Filippo"]
[Result "1/2-1/2"]
[WhiteElo "1890"]
[BlackElo "1766"]
[PlyCount "159"]
[EventDate "2021.12.26"]
[EventType "swiss"]
[EventRounds "7"]
[EventCountry "ITA"]
[SourceTitle "CBM 205 Extra"]
[Source "ChessBase"]
[SourceDate "2022.01.31"]
[SourceVersion "1"]
[SourceVersionDate "2022.01.31"]
[SourceQuality "1"]

1. e4 c6 2. d4 d5 3. Nc3 dxe4 4. Nxe4 Nd7 5. Nf3 Ngf6 6. Ng3 c5 7. Bf4 g6 8. h4 Qb6 9. Bc1 h5 10. c3 cxd4 11. cxd4 Qb4+ 12. Qd2 Qxd2+ 13. Bxd2 Bg7 14. Bc4 0-0 15. 0-0 Nb6 16. Bb3 Nbd5 17. Rfe1 b6 18. Ne4 Bb7 19. Neg5 e6 20. Ne5 Bh6 21. Red1 Bxg5 22. Bxg5 Kg7 23. f3 Rfc8 24. Rac1 Rxc1 25. Rxc1 Rc8 26. Rxc8 Bxc8 27. Kf2 Bb7 28. a3 Ne7 29. Ba4 Nf5 30. Nc6 Bxc6 31. Bxc6 Nxd4 32. Bb7 Nd7 33. b4 Nc2 34. Bc1 f6 35. Be4 Nd4 36. Bb2 e5 37. f4 Ne6 38. fxe5 Nxe5 39. a4 Ng4+ 40. Kf3 Kf7 41. a5 bxa5 42. bxa5 Nc5 43. Bc2 Ne5+ 44. Ke2 Nb7 45. Bb3+ Kg7 46. Bc3 Nc5 47. Bd5 a6 48. Ke3 Ned7 49. Kd4 Na4 50. Bb4 Nb2 51. Bb7 Ne5 52. Kc3 Nd1+ 53. Kd2 Nf2 54. Bc5 Nc4+ 55. Ke2 Nxa5 56. Bxa6 Ne4 57. Bb4 Nc6 58. Be1 Ne5 59. Ke3 Nd6 60. Bc3 Nf5+ 61. Kf4 Nxh4 62. g3 g5+ 63. Ke3 Nf5+ 64. Kf2 Ng4+ 65. Kf3 Kg6 66. Bb5 Nd6 67. Bd3+ f5 68. Bc2 Nf6 69. Bd2 Nde4 70. Ba5 Kf7 71. Bb3+ Ke7 72. Bb4+ Kd7 73. Bc4 Kc6 74. Be6 Nd6 75. Bxd6 Kxd6 76. Bxf5 Ke5 77. Bg6 Kd4 78. Bxh5 Nxh5 79. Kg4 Nxg3 80. Kxg5 1/2-1/2

[Event "Arco op 43rd"]
[Site "Arco"]
[Date "2021.10.14"]
[Round "6"]
[White "Lombardo, Filippo"]
[Black "Meyer, Thorsten1111"]
[Result "1-0"]
[WhiteElo "1745"]
[BlackElo "1971"]
[PlyCount "111"]
[EventDate "2021.10.09"]
[EventType "swiss"]
[EventRounds "9"]
[EventCountry "ITA"]
[SourceTitle "CBM 204 Extra"]
[Source "ChessBase"]
[SourceDate "2021.11.30"]
[SourceVersion "1"]
[SourceVersionDate "2021.11.30"]
[SourceQuality "1"]

1. d4 Nf6 2. c4 d6 3. Nc3 g6 4. Nf3 Bg7 5. Bg5 c6 6. e3 Nbd7 7. Be2 Qc7 8. Qc2 e5 9. 0-0 0-0 10. Rfd1 Re8 11. Rac1 Nf8 12. dxe5 dxe5 13. h3 Bf5 14. Qa4 h6 15. Bh4 g5 16. Bg3 Ne4 17. Nxe4 Bxe4 18. Nd2 Bg6 19. c5 f5 20. Nc4 f4 21. Bh2 Kh7 22. Nd6 Re7 23. Bd3 Kh8 24. Bxg6 Nxg6 25. Qe4 Nf8 26. Rc2 Nh7 27. Rcd2 Rf8 28. Nf5 Ref7 29. Nxg7 Kxg7 30. Rd6 Nf6 31. Qxe5 Re8 32. Qc3 Re4 33. exf4 Qe7 34. fxg5 hxg5 35. R6d3 Kg6 36. Bd6 Qe6 37. a3 Nd5 38. Qc2 Kg7 39. R3d2 g4 40. h4 Kg8 41. Bg3 Re7 42. b4 Kf7 43. Qb2 Kg8 44. Rc1 a6 45. Rdd1 Re2 46. Qb1 Kg7 47. Qd3 Re4 48. Rd2 Re8 49. Rf1 Re7 50. f3 Re3 51. Qd4+ Kg8 52. Rd3 Qg6 53. Rxe3 Rxe3 54. Kh2 Rxa3 55. fxg4 Ne3 56. Qd8+ 1-0

[Event "Arco op-B 39th"]
[Site "Arco"]
[Date "2017.10.08"]
[Round "1"]
[White "Lombardo, Filippo"]
[Black "Oltramari, Silvano"]
[Result "0-1"]
[WhiteElo "1498"]
[BlackElo "1668"]
[PlyCount "115"]
[EventDate "2017.10.08"]
[EventType "swiss"]
[EventRounds "8"]
[EventCountry "ITA"]
[SourceTitle "CBM 181 Extra"]
[Source "ChessBase"]
[SourceDate "2017.12.12"]
[SourceVersion "1"]
[SourceVersionDate "2017.12.12"]
[SourceQuality "1"]

1. e4 g6 2. d4 Bg7 3. Nf3 d6 4. Bc4 h6 5. Nc3 c6 6. h3 Qa5 7. 0-0 Nf6 8. e5 dxe5 9. Nxe5 e6 10. Qf3 0-0 11. Bxh6 Bxh6 12. Qxf6 Bg7 13. Qf4 Qc7 14. Qe3 b5 15. Bb3 b4 16. Na4 Na6 17. Rfe1 Bb7 18. Nc5 Nxc5 19. dxc5 a5 20. Rad1 Rfd8 21. Rxd8+ Rxd8 22. Nd3 Ba6 23. Ne5 Bb5 24. c3 a4 25. Bc2 Bxe5 26. Qxe5 Qxe5 27. Rxe5 bxc3 28. bxc3 Rd2 29. Be4 a3 30. c4 Ba4 31. Bf3 Rxa2 32. Re3 Ra1+ 33. Kh2 a2 34. Ra3 Bb3 35. Bxc6 Rc1 36. Bb7 a1Q 37. Rxa1 Rxa1 38. c6 Ba4 39. c7 Bd7 40. c8Q+ Bxc8 41. Bxc8 Ra7 42. Kg3 Kf8 43. c5 Ke7 44. c6 Kd8 45. Bb7 Kc7 46. f4 Ra5 47. h4 Rc5 48. Kg4 f6 49. g3 Rc4 50. h5 gxh5+ 51. Kxh5 e5 52. fxe5 fxe5 53. Kg5 Rc1 54. Kf5 Kd6 55. g4 Rf1+ 56. Kg6 Kc7 57. Ba6 Rf2 58. Kh5 0-1